Chorvatsko - obchodní partner

Charakteristika republiky Chorvátsko ako významného obchodného partnera. Súčasná situácia chorvátskeho hospodárstva. Ceny a inflácia. Priemyselná výroba. Zahraničnoobchodná výmena. Privatizácia. Ciele hospodárskej politiky v roku 1995.

Gespeichert in:
Bibliographische Detailangaben
1. Verfasser: Koníček, R.
Format: Buchkapitel
Sprache:Tschechisch
Schlagworte:
Tags: Tag hinzufügen
Keine Tags, Fügen Sie das erste Tag hinzu!

MARC

LEADER 00000naa a2200000 4500
001 r018690
005 20221208131126.1
041 0 |a cze 
044 |a CZ 
245 1 0 |a Chorvatsko - obchodní partner  |c R. Koníček 
520 |a Charakteristika republiky Chorvátsko ako významného obchodného partnera. Súčasná situácia chorvátskeho hospodárstva. Ceny a inflácia. Priemyselná výroba. Zahraničnoobchodná výmena. Privatizácia. Ciele hospodárskej politiky v roku 1995. 
610 2 0 |a Chorvátsko 
610 2 0 |a rozvoj hospodársky 
610 2 0 |a situácia hospodárska 
610 2 0 |a výroba priemyselná 
610 2 0 |a ceny 
610 2 0 |a inflácia 
610 2 0 |a privatizácia 
610 2 0 |a politika hospodárska 
610 2 0 |a vzťahy ekonomické 
610 2 0 |a obchod zahraničný 
100 1 |a Koníček, R.